000 00714nam a22002297a 4500
005 20170124105949.0
010 _aA-728424
020 _c00.00
_a8190019945
035 _aA-728424
037 _bCen Lib/Ret
040 _aDPL
_bEN
082 _a280.62
_bSHO
100 _aShourie, Arun
_95431
245 _aMissionaries in India :
_cby Arun Shourie
_bcontinuities , changes dilemmas /
260 _aNew Delhi
_bASA publications
_c1994
270 _aA-31 West End
_bNew Delhi
_e110021
300 _axii,305p.
_c21cm(Hb)
500 _aIncludes index.
650 _aCatholic Church -- India -- History.
_913022
650 _a Missionaries -- India.
_913023
942 _2ddc
_cEN
_h280.62
_mSHO
999 _c125107
_d125107